Quiz o Dziennik Cwaniaczka - Statystyki

Ogólne statystyki
  • Ten quiz został rozwiązany 59 razy
  • Średni wynik to 6 z 8
Statystyki odpowiedzi
Zagadnienie Odpowiedź % Poprawnych
Jak mieli na imię bracia cwaniaczka? Manny&Rodrick
96%
Jak miał naprawdę na imię cwaniaczek? Gregory Heffley
92%
Jak miał na imię tata cwaniaczka Frank
85%
Jakie zwierzęta miała rodzina Heffleyów ? Świnkę i psa
85%
Jaki był dla cwaniaczka Fregley? Okropny i obrzydliwy
77%
W 13 części była wojna na... ... Śnieżki
73%
Czy cwaniaczek zjadł spleśniały ser? Nie
46%
W której części cwaniaczka był remont? 14
42%
Nie znaleziono quizów pasujących do podanych kryteriów
Rozkład punktacji
Procent ludzi z każdym wynikiem
Percentyl według liczby udzielonych odpowiedzi
Twoja historia wyników
Nie rozwiązałeś tego quizu